| 000 | 00789nam a2200205Ia 4500 | ||
|---|---|---|---|
| 003 | GCL | ||
| 008 | 140319s9999 xx 000 0 ara d | ||
| 040 |
_aGCL / _cGCL |
||
| 082 | 0 | 4 |
_a581.152 _bا ا |
| 100 | 1 | _aاحمد عبدالمنعم حسن | |
| 245 | 1 | 0 |
_aالاساس الفسيولوجى للتحسين الوراثى فى النباتات : التربية لزيادة الكفاءة الانتاجية وتحمل الظروف البيئيه القاسيه / _cاحمد عبدالمنعم حسن |
| 260 |
_a[S.N] : _bالمكتبة الاكاديمية ، _c1995 |
||
| 300 | _a328 ص | ||
| 490 | _a | ||
| 650 | 0 | 4 | _aالبيئة |
| 650 | 0 | 4 | _aفسيولوجيا الوراثة |
| 650 | 0 | 4 | _aالانتاج |
| 650 | 0 | 4 | _aالنبات - فسيولوجيا |
| 942 |
_2ddc _cBK |
||
| 999 |
_c36830 _d36830 |
||